Animated Movies by Picture - H - Statistics

General Stats
  • This quiz has been taken 429 times
  • The average score is 7 of 12
Answer Stats
Picture Answer % Correct
Hercules
98%
How to Train Your Dragon
93%
Happy Feet
91%
Hotel Transylvania
84%
The Hunchback of Notre Dame
84%
Horton Hears a Who!
68%
Howl’s Moving Castle
46%
Hoodwinked!
42%
Hunter × Hunter: Phantom Rouge
34%
Home on the Range
32%
The House
11%
Hello World
3%
No matching quizzes found
Score Distribution
Percent of People with Each Score
Percentile by Number Answered
Your Score History
You have not taken this quiz